|
|
|
|
| LEADER |
03149nam a2200793 a 4500 |
| 001 |
nkc20081800797 |
| 003 |
CZ PrNK |
| 005 |
20251010235007.0 |
| 007 |
ta |
| 008 |
080417s2008 xr f 000 0dcze |
| 015 |
|
|
|a cnb001800797
|
| 020 |
|
|
|a 978-80-87029-33-6
|q (váz.) :
|c Kč 325,00
|
| 035 |
|
|
|a (OCoLC)244811844
|
| 040 |
|
|
|a OLA001
|b cze
|d ABA001
|
| 041 |
1 |
|
|a cze
|h ger
|
| 045 |
|
|
|a e-e-
|a x2y0
|
| 072 |
|
7 |
|a 27-1/-2
|x Křesťanská teologie. Dogmatická teologie
|2 Konspekt
|9 5
|
| 080 |
|
|
|a 27-247
|2 MRF
|
| 080 |
|
|
|a 27-236.5
|2 MRF
|
| 080 |
|
|
|a 27-312
|2 MRF
|
| 080 |
|
|
|a 27-31
|2 MRF
|
| 080 |
|
|
|a 27-277.2
|2 MRF
|
| 080 |
|
|
|a 27-277
|2 MRF
|
| 080 |
|
|
|a 272-1/-9
|2 MRF
|
| 080 |
|
|
|a 27-184.3
|2 MRF
|
| 080 |
|
|
|a (048.8)
|2 MRF
|
| 100 |
0 |
|
|a Benedikt
|b XVI.,
|c papež,
|d 1927-2022
|7 jn20000604572
|4 aut
|
| 240 |
1 |
0 |
|a Jesus von Nazareth.
|l Česky
|7 aun20241232221
|
| 245 |
1 |
0 |
|a Ježíš Nazaretský /
|c Joseph Ratzinger - Benedikt XVI. ; [z německého originálu ... přeložila Daniela Blahutková]
|
| 250 |
|
|
|a Vyd. 2.
|
| 260 |
|
|
|a Brno :
|b Společnost pro odbornou literaturu - Barrister & Principal,
|c 2008
|
| 300 |
|
|
|a 269 s. ;
|c 24 cm
|
| 500 |
|
|
|a Terminologický slovník
|
| 504 |
|
|
|a Obsahuje bibliografické odkazy
|
| 600 |
0 |
7 |
|a Ježíš Kristus
|7 ola2002103454
|2 czenas
|
| 600 |
0 |
9 |
|a Jesus Christ
|2 eczenas
|
| 630 |
0 |
7 |
|a Bible.
|p Evangelia
|7 unn2006374683
|2 czenas
|
| 630 |
0 |
9 |
|a Bible.
|p Gospels
|2 eczenas
|
| 648 |
|
7 |
|a 1. století
|7 ch460539
|2 czenas
|
| 648 |
|
7 |
|a 20.-21. století
|7 ch462155
|2 czenas
|
| 650 |
0 |
7 |
|a biblické postavy
|7 ph118857
|y 1. století
|2 czenas
|
| 650 |
0 |
7 |
|a biblické události
|7 ph138437
|y 1. století
|2 czenas
|
| 650 |
0 |
7 |
|a život Ježíše Krista
|7 ph138453
|2 czenas
|
| 650 |
0 |
7 |
|a christologie
|7 ph115015
|2 czenas
|
| 650 |
0 |
7 |
|a biblická exegeze
|7 ph118844
|2 czenas
|
| 650 |
0 |
7 |
|a biblická interpretace
|7 ph118847
|2 czenas
|
| 650 |
0 |
7 |
|a učení katolické církve
|7 ph135482
|y 20.-21. století
|2 czenas
|
| 650 |
0 |
7 |
|a křesťanská víra
|7 ph122113
|y 20.-21. století
|2 czenas
|
| 650 |
0 |
7 |
|a biblické citáty
|7 ph118853
|2 czenas
|
| 650 |
0 |
9 |
|a Bible persons
|y 1st century
|2 eczenas
|
| 650 |
0 |
9 |
|a Biblical events
|y 1st century
|2 eczenas
|
| 650 |
0 |
9 |
|a life of Christ
|2 eczenas
|
| 650 |
0 |
9 |
|a Christology
|2 eczenas
|
| 650 |
0 |
9 |
|a Biblical exegesis
|2 eczenas
|
| 650 |
0 |
9 |
|a Biblical interpretation
|2 eczenas
|
| 650 |
0 |
9 |
|a Catholic doctrine
|y 20th-21st centuries
|2 eczenas
|
| 650 |
0 |
9 |
|a Christian faith
|y 20th-21st centuries
|2 eczenas
|
| 650 |
0 |
9 |
|a Biblical quotations
|2 eczenas
|
| 655 |
|
7 |
|a monografie
|7 fd132842
|2 czenas
|
| 655 |
|
9 |
|a monographs
|2 eczenas
|
| 700 |
1 |
|
|a Blahutková, Daniela,
|d 1973-
|7 xx0033776
|4 trl
|
| 856 |
4 |
1 |
|u http://www.digitalniknihovna.cz/mzk/uuid/uuid:bbc59f70-8d7b-11f0-a451-005056827e51
|y Digitalizovaný dokument
|x NDK
|
| 910 |
2 |
|
|a BOA001
|b 2-1208.254
|
| 928 |
9 |
|
|a Barrister & Principal
|
| 990 |
|
|
|a BK
|
| 995 |
|
|
|a 01
|
| 991 |
|
|
|b 200807
|c NOV
|
| 996 |
6 |
|
|b 2610348734
|c 2-1208.254
|l MZK
|r Sklad / do 1 hodiny
|n 0
|p p.v.
|w 001068395
|u 000010
|a 1
|e BOA001
|j MZK50
|s P
|
| 996 |
7 |
|
|b 2610349908
|c 2-1208.254
|l MZK
|r Sklad / do 1 hodiny
|n 16
|p kup
|w 001068395
|u 000030
|a 1
|e BOA001
|j MZK50
|s A
|